| 000 | 00876nam a2200253 a 4500 | ||
|---|---|---|---|
| 001 | 62719 | ||
| 003 | BD-RjUL | ||
| 005 | 20211209081121.0 | ||
| 008 | 160405s1983 bg ||||e |||| 00| f ben d | ||
| 020 | _c: Tk. 15.00 | ||
| 035 | _a(BD-RjUL) | ||
| 040 |
_aBD-RjUL _bben _cBD-RjUL |
||
| 041 | _aben | ||
| 082 |
_223 _a833 _bHES 1983 |
||
| 100 |
_aহেস, হেরমান _9120898 |
||
| 245 | 1 | 0 |
_aসিদ্ধার্থ / _cহেরমান হেস; অনুবাদ : জাফর আলম |
| 260 |
_aঢাকা : _bসুরভী প্রকাশনী , _c১৯৮৩ |
||
| 300 |
_a১৫৪ পৃ. ; _c১৭ সেমি. |
||
| 650 |
_aজার্মান উপন্যাস _9120899 |
||
| 650 | _9120900 | ||
| 650 |
_aGerman Fiction _9120902 |
||
| 700 |
_aআলম, জাফর , অনুবাদক _9120903 |
||
| 942 |
_2ddc _cBK _02 |
||
| 999 |
_c62719 _d62719 |
||